| 000 | 00340nam a22001337a 4500 | ||
|---|---|---|---|
| 020 | _a9787513817394 | ||
| 040 | _cNUST | ||
| 082 |
_a915.1035 _bSIN |
||
| 100 |
_aSinolingua _986495 |
||
| 245 |
_aChina Close-Up : _bA very Chinese China |
||
| 260 |
_aBeijing : _bSinolingua , _c2019. |
||
| 300 |
_a145p _bPaperback _c24cm. |
||
| 942 |
_2ddc _cBK |
||
| 999 |
_c587344 _d587344 |
||